header

Live variola virus (Record no. 44283)

MARC details
000 -LEADER
fixed length control field 01550nam a2200337Ia 4500
245 00 - TITLE STATEMENT
Title Live variola virus
260 ## - PUBLICATION, DISTRIBUTION, ETC. (IMPRINT)
Place of publication Washington, D.C. :
Name of publisher National Academies Press,
Year of publication 2009.
300 ## - PHYSICAL DESCRIPTION
Number of Pages xvii, 151 p. :
Other physical details ill.
650 #0 - SUBJECT ADDED ENTRY--TOPICAL TERM
Topical Term Smallpox
Topical Term Smallpox
Topical Term Smallpox vaccine.
Topical Term Virology
700 1# - ADDED ENTRY--PERSONAL NAME
Personal name Arvin, Ann M.
Personal name Patel, Deepali.
856 40 - ELECTRONIC LOCATION AND ACCESS
Uniform Resource Identifier http://site.ebrary.com/lib/rucke/Doc?id=10347048

No items available.

© 2026 Rongo University
Contact us: librarian | system librarian | Rongo university